Väkirikkaimmat germaanisia kieliä puhuvat valtiot - Statistics

Yleistilastot
  • Tätä visaa on pelattu 315 kertaa
  • Keskiarvotulos 11 / 15
Vastaustilastot
Väkiluku Valtio % Oikein
84,1 milj. Saksa
98%
351 milj. Yhdysvallat
89%
9,11 milj. Itävalta
88%
8,96 milj. Sveitsi
85%
18,5 milj. Alankomaat
81%
70,1 milj. Yhdistynyt kuningaskunta
81%
10,7 milj. Ruotsi
80%
5,62 milj. Norja
78%
6,11 milj. Tanska
78%
11,8 milj. Belgia
77%
40,1 milj. Kanada
73%
26,9 milj. Australia
62%
5,30 milj. Irlanti
62%
5,26 milj. Uusi-Seelanti
53%
2,84 milj. Jamaika
20%
Ehtoja vastaavia visoja ei löytynyt
Tulosjakauma
Jokaisen tuloksen saaneiden osuus
Persentiili vastausten määrän mukaan
Tuloshistoriasi
Et ole pelannut tätä visaa